书目信息 |
| 题名: |
公共文化服务标准化研究
|
|
| 作者: | 阮可 著 | |
| 分册: | ||
| 出版信息: | 北京 中国社会科学出版社 2018.12 |
|
| 页数: | 259页 | |
| 开本: | 25cm | |
| 丛书名: | 浙江省哲学社会科学规划后期资助课题成果文库 | |
| 单 册: | ||
| 中图分类: | G123 | |
| 科图分类: | ||
| 主题词: | 公共管理--gong gong guan li--文化工作--标准化--研究--中国 | |
| 电子资源: | ||
| ISBN: | 978-7-5203-3797-7 | |
| 000 | 01151nam 2200277 450 | |
| 001 | 202021193058 | |
| 005 | 20211025120124.0 | |
| 010 | @a978-7-5203-3797-7@dCNY75.00 | |
| 100 | @a20210927d2018 em y0chiy50 ea | |
| 101 | 0 | @achi |
| 102 | @aCN@b110000 | |
| 105 | @aak a 000yy | |
| 106 | @ar | |
| 200 | 1 | @a公共文化服务标准化研究@Agong gong wen hua fu wu biao zhun hua yan jiu@f阮可著 |
| 210 | @a北京@c中国社会科学出版社@d2018.12 | |
| 215 | @a259页@c图@d25cm | |
| 225 | 2 | @a浙江省哲学社会科学规划后期资助课题成果文库@Azhe jiang sheng zhe xue she hui ke xue gui hua hou qi zi zhu ke ti cheng guo wen ku |
| 314 | @a阮可, 国家公共文化服务体系建设专家委员, 浙江大学城市学院现代公共文化研究中心主任等职。 | |
| 320 | @a有书目 | |
| 330 | @a本书共八章, 内容包括: 基本公共文化服务保障标准化、公共图书馆服务标准化、文化馆 (站) 服务标准化、文化志愿服务标准化、流动公共文化服务标准化等。 | |
| 410 | 0 | @12001 @a浙江省哲学社会科学规划后期资助课题成果文库 |
| 606 | 0 | @a公共管理@Agong gong guan li@x文化工作@x标准化@x研究@y中国 |
| 690 | @aG123@v5 | |
| 701 | 0 | @a阮可@Aruan ke@4著 |
| 801 | 0 | @aCN@c20210909 |
| 905 | @a河南城建学院图书馆@dG123@eR861 | |
| 公共文化服务标准化研究/阮可著.-北京:中国社会科学出版社,2018.12 |
| 259页:图;25cm.-(浙江省哲学社会科学规划后期资助课题成果文库) |
| ISBN 978-7-5203-3797-7:CNY75.00 |
| 本书共八章, 内容包括: 基本公共文化服务保障标准化、公共图书馆服务标准化、文化馆 (站) 服务标准化、文化志愿服务标准化、流动公共文化服务标准化等。 |
| ● |
| 相关链接 |
|
|
|
正题名:公共文化服务标准化研究
索取号:G123/R861
 
预约/预借
| 序号 | 登录号 | 条形码 | 馆藏地/架位号 | 状态 | 备注 |
| 1 | 1540197 | 215401973 | 社科库409/409社科库 56排3列4层/ [索取号:G123/R861] | 在馆 | |
| 2 | 1540198 | 215401982 | 社科库409/409社科库 56排3列4层/ [索取号:G123/R861] | 在馆 |